Boss de The Legend of Zelda: A Link Between Worlds par images - Statistiques

Statistiques générales
  • Ce quiz a été pris 14 fois
  • Le résultat moyen est 2 sur 11
Statistiques - réponses
Par images Réponse % Correct
Yuga
100%
Yuganon
42%
Moldorm
17%
Knucklemaster
8%
Margomill
8%
Zaganaga
8%
Dharkstare
0%
Grinexx
0%
Meduso
0%
Roi Cuirasse
0%
Stalbind
0%
Aucun quiz correspondant
Distribution des résultats
% des personnes avec chaque résultat
Percentile par nombre de réponses
Votre historique - résultats
Vous n’avez pas pris ce quiz